BHOPALIL ANNU SAMBHAVICHATHU (Record no. 8661)
[ view plain ]
| 000 -LEADER | |
|---|---|
| fixed length control field | 02106nam a22001577a 4500 |
| 082 ## - DEWEY DECIMAL CLASSIFICATION NUMBER | |
| Classification number | 894.812 |
| Item number | LAP/B |
| 100 ## - MAIN ENTRY--AUTHOR NAME | |
| Personal name | LAPIEN,DOMINIC |
| 245 ## - TITLE STATEMENT | |
| Title | BHOPALIL ANNU SAMBHAVICHATHU |
| 246 ## - VARYING FORM OF TITLE | |
| Title proper/short title | BHOPALIL ANNU SAMBHAVICHATHU |
| Remainder of title | BHOPALIL ANNU SAMBHAVICHATHU |
| 260 ## - PUBLICATION, DISTRIBUTION, ETC. (IMPRINT) | |
| Place of publication | KOTTAYAM,KERALA, INDIA |
| 300 ## - PHYSICAL DESCRIPTION | |
| Number of Pages | 280 |
| 500 ## - GENERAL NOTE | |
| General note | SOCIAL SCIENCE-STUDY കാല്ലക്ഷത്തോളംപേരുടെ മരണത്തിനും പതിനായിരങ്ങളുടെ തീരാദുരിതത്തിനും ഇടയാക്കിയ ഭോപ്പാല് ദുരന്തത്തിന്റെ കാണാപ്പുറങ്ങളിലേക്ക് പ്രശസ്ത എഴുത്തുകാരായ ഡൊമിനിക് ലാപിയറും ജാവിയര് മോറോയും നടത്തുന്ന യാത്രയുടെ കരളുലയ്ക്കുന്ന ഓര്മ്മകളാണിത്. ഉദ്വേഗവും സംഘര്ഷവും ആകാംക്ഷയും ഈ കൃതിയിലുടനീളം നിറഞ്ഞുനില്ക്കുന്നു. |
| 520 ## - SUMMARY, ETC. | |
| Summary, etc | SOCIAL SCIENCE-STUDY കാല്ലക്ഷത്തോളംപേരുടെ മരണത്തിനും പതിനായിരങ്ങളുടെ തീരാദുരിതത്തിനും ഇടയാക്കിയ ഭോപ്പാല് ദുരന്തത്തിന്റെ കാണാപ്പുറങ്ങളിലേക്ക് പ്രശസ്ത എഴുത്തുകാരായ ഡൊമിനിക് ലാപിയറും ജാവിയര് മോറോയും നടത്തുന്ന യാത്രയുടെ കരളുലയ്ക്കുന്ന ഓര്മ്മകളാണിത്. ഉദ്വേഗവും സംഘര്ഷവും ആകാംക്ഷയും ഈ കൃതിയിലുടനീളം നിറഞ്ഞുനില്ക്കുന്നു. |
| 650 ## - SUBJECT ADDED ENTRY--TOPICAL TERM | |
| Topical Term | MALAYALAM SOCIAL STUDIES STUDY AND CRITICISM |
| 942 ## - ADDED ENTRY ELEMENTS (KOHA) | |
| Koha item type | Books |
No items available.